النمو الحضرى والتنظيم فى المجتمعات الصناعية المستحدثة: (Record no. 12445)
[ view plain ]
| 000 -LEADER | |
|---|---|
| fixed length control field | 00910nam a22001577a 4500 |
| 008 - FIXED-LENGTH DATA ELEMENTS--GENERAL INFORMATION | |
| fixed length control field | 090728t xxu||||| |||| 00| 0 eng d |
| 082 ## - DEWEY DECIMAL CLASSIFICATION NUMBER | |
| Classification number | 303.4 |
| Item number | ا س م |
| 245 ## - TITLE STATEMENT | |
| Title | النمو الحضرى والتنظيم فى المجتمعات الصناعية المستحدثة: |
| Remainder of title | دراسة ميدانية لمدين الأحمدى بالكويت/ |
| Statement of responsibility, etc | فؤاد فريد اسماعيل |
| 260 ## - PUBLICATION, DISTRIBUTION, ETC. (IMPRINT) | |
| Place of publication, distribution, etc | الكويت: |
| Name of publisher, distributor, etc | دار القلم، |
| Date of publication, distribution, etc | 22 سم |
| 300 ## - PHYSICAL DESCRIPTION | |
| Extent | ؛408 ص |
| Dimensions | 22 سم |
| 651 ## - SUBJECT ADDED ENTRY--GEOGRAPHIC NAME | |
| 9 (RLIN) | 8178 |
| Geographic name | الكويت |
| General subdivision | -- التغير الاجتماعى |
| 651 ## - SUBJECT ADDED ENTRY--GEOGRAPHIC NAME | |
| 9 (RLIN) | 8187 |
| Geographic name | الكويت |
| General subdivision | التنمية الاقتصادية- الجوانب الاجتماعية |
| 651 ## - SUBJECT ADDED ENTRY--GEOGRAPHIC NAME | |
| 9 (RLIN) | 8188 |
| Geographic name | الكويت |
| General subdivision | التنمية الاجتماعية |
| 942 ## - ADDED ENTRY ELEMENTS (KOHA) | |
| Source of classification or shelving scheme | Dewey Decimal Classification |
| Item type | Book - Borrowing |
| Withdrawn status | Item status | Source of classification or shelving scheme | Damaged status | Not for loan | Vendor | Home library | Current library | Shelving location | Date acquired | Source of acquisition | Total Checkouts | Full call number | Barcode | Date last seen | Koha item type |
|---|---|---|---|---|---|---|---|---|---|---|---|---|---|---|---|
| Dewey Decimal Classification | Alef-Baa | Central Library | Central Library | First floor | 28/07/2009 | 303.4 الن | 000017625 | 15/07/2025 | Book - Borrowing |